Después de nacer /
Збережено в:
| Автор: | |
|---|---|
| Формат: | Книга |
| Мова: | Spanish |
| Опубліковано: |
San José, Costa Rica:
Editorial Costa Rica,
1967.
|
| Серія: | Cuadernillos de poesía ;
3 |
| Предмети: | |
| Теги: |
Додати тег
Немає тегів, Будьте першим, хто поставить тег для цього запису!
|
MARC
| LEADER | 00000nam a22000001 4500 | ||
|---|---|---|---|
| 001 | 1779540 | ||
| 005 | 20170512090103.0 | ||
| 008 | 770830s1967 cr 000 p spa | ||
| 040 | |a DLC |c CtY |d DLC |d CRU CIICLA | ||
| 082 | |a CR861.4 |b Q8d | ||
| 100 | 1 | |a Quirós Sanabria, Rodrigo |d 1944- | |
| 245 | 1 | 0 | |a Después de nacer / |c Rodrigo Quirós |
| 260 | |a San José, Costa Rica: |b Editorial Costa Rica, |c 1967. | ||
| 300 | |a 28 páginas | ||
| 490 | 0 | |a Cuadernillos de poesía ; |v 3 | |
| 650 | 7 | |9 76 |a LITERATURA COSTARRICENSE |v POESIA | |
| 942 | |2 ddc |c BK | ||
| 999 | |c 3735 |d 3735 | ||
